Natural Lyrics - Statistics

General Stats
  • This quiz has been taken 15 times
  • The average score is 25 of 39
Answer Stats
Lyrics % Correct
{Natural}
100%
Will the {stars} align?
100%
In this {house} of mine?
92%
Rather be the {hunter} than the {prey}
92%
Rather be the {hunter} than the {prey}
92%
And you're standing on the {edge}, face up 'cause you're a {natural}
83%
And you're standing on the {edge}, face up 'cause you're a {natural}
83%
Just another {product} of {today}
83%
Just another {product} of {today}
83%
Nothing ever comes without a {consequence} or cost, tell me
83%
That's the {price} you {pay}
83%
That's the {price} you {pay}
83%
A beating {heart} of {stone}
75%
A beating {heart} of {stone}
75%
A beating {heart} of {stone}
75%
Cause this {house} of mine stands {strong}
75%
When every one of them is {giving} up or {giving} in, tell me
75%
Will you {hold} the {line}?
75%
You gotta be so {cold}, to make it in this {world}
75%
You gotta be so {cold}, to make it in this {world}
75%
You gotta be so {cold}, to make it in this {world}
75%
A bit of the {truth}, the {truth}
58%
Gonna {make} it, I'm gonna {make} it
58%
Will {heaven} step in? Will it save us from our {sin}? Will it?
58%
You gotta be so {cold}, yeah, you're a {natural}
58%
You gotta be so {cold}, yeah, you're a {natural}
58%
You gotta be so {cold}, yeah, you're a {natural}
58%
Deep inside me, I'm {fading} to black, I'm {fading}
50%
I can {taste} it, the {end} is upon us, I swear
50%
{Natural}, yeah you're a {natural}...
50%
Leave behind your {heartache}, cast away
42%
Leave behind your {heartache}, cast away
42%
Yeah, you're a {natural}, living your life {cutthroat}
42%
Yeah, you're a {natural}, living your life {cutthroat}
42%
Yeah, you're a {natural}, living your life {cutthroat}
42%
Took an oath by the {blood} of my {hand}, won't break it
33%
What's happenin'? Lookin' through the {glass} find the wrong within the {past} knowin'
25%
Will somebody, let me see the {light} within the dark trees' {shadows}
25%
We are the {youth}, Call out to the {beast}, not a word without the peace, facing
8%
No matching quizzes found
Score Distribution
Percent of People with Each Score
Percentile by Number Answered
Your Score History
You have not taken this quiz